LEADER 02623nas 2200601- 450 001 9910715077203321 005 20241017213016.0 035 $a(OCoLC)1251808487 035 $a(CKB)5470000002507272 035 $a(CONSER)--2021235413 035 $a(EXLCZ)995470000002507272 100 $a20210519a20059999 -a- a 101 0 $aeng 135 $aur||||||||||| 181 $ctxt$2rdacontent 182 $cc$2rdamedia 183 $acr$2rdacarrier 200 10$a... annual report to Congress 210 1$aWashington, D.C. :$cOffice of the Ombudsman Energy Employees Occupational Illness Compensation Program, Part E, U.S. Department of Labor,$d2005- 215 $a1 online resource (volumes) 300 $aIn scope of the U.S. Government Publishing Office Cataloging and Indexing Program (C&I) and Federal Depository Library Program (FDLP). 300 $aUnited States federal government branch: Executive branch. 300 $aAccess ID (GovInfo): CMR-L1-00190167. 300 $aLegal authority: 42 U.S.C. § 7385s-15(e)(1). 300 $aUnited States Congress receiving chamber(s): United States House of Representatives and Senate. 311 $a2770-4424 517 1 $aAnnual report to Congress of the ombudsman for the Energy Employees Occupational Illness Compensation Program 606 $aWorkers' compensation claims$zUnited States$vPeriodicals 606 $aOccupational diseases$xReporting$zUnited States$vPeriodicals 606 $aTravail$xAccidents$xIndemnisation$xDemandes de règlement$zÉtats-Unis$vPériodiques 606 $aMaladies professionnelles$xDéclaration$zÉtats-Unis$vPériodiques 606 $aLabor laws and legislation$2fast$3(OCoLC)fst00989967 606 $aOccupational diseases$xReporting$2fast$3(OCoLC)fst01043196 606 $aWorkers' compensation claims$2fast$3(OCoLC)fst01180396 606 $aHealth care coverage and access$2lst 607 $aUnited States$2fast 608 $aPeriodical 608 $aperiodicals.$2aat 608 $aPériodiques.$2rvmgf 608 $aAnnual reports.$2lcgft 615 0$aWorkers' compensation claims 615 0$aOccupational diseases$xReporting 615 6$aTravail$xAccidents$xIndemnisation$xDemandes de règlement 615 6$aMaladies professionnelles$xDéclaration 615 7$aLabor laws and legislation. 615 7$aOccupational diseases$xReporting. 615 7$aWorkers' compensation claims. 615 7$aHealth care coverage and access. 676 $a354.9 906 $aJOURNAL 912 $a9910715077203321 996 $aAnnual report to Congress$91929060 997 $aUNINA LEADER 00949nam 2200265 450 001 996640371403316 005 20250127100955.0 100 $a20250127d2023----km y0itay5003 ba 101 0 $aita 102 $aIT 105 $ay 00 y 200 1 $aBiblioteconomia come impegno civile$electio magistralis a conclusione del percorso accademico$e27 ottobre 2023, Palazzo Marucelli Fenzi, Aula Magna$fMauro Guerrini 210 $aFirenze$cUniversità degli Studi di Firenze, Dipartimento di Storia, Archeologia, Geografia, Arte e Spettacolo$d2023 215 $a26 p.$d24 cm 300 $aEdizione fuori commercio 606 0 $aBiblioteconomia$2BNCF 676 $a025.3 700 1$aGUERRINI,$bMauro <1953- >$05520 801 0$aIT$bcba$gREICAT 912 $a996640371403316 951 $aXIV Misc..1. 66$b288985 L.M.$cXIV Misc..1.$d563689 959 $aBK 969 $aUMA 996 $aBiblioteconomia come impegno civile$94310757 997 $aUNISA